[Event "Cholet-C"]
[Site "Cholet"]
[Date "2011.03.08"]
[Round "5"]
[White "Julien, Jules Alois"]
[Black "Belnou, Theo"]
[Result "1/2-1/2"]
[WhiteElo "1612"]
[BlackElo "1560"]
[PlyCount "79"]
[EventDate "2011.03.05"]
[EventType "tourn"]
[EventRounds "9"]
[EventCountry "FRA"]
[SourceTitle "EXT 2012"]
[Source "ChessBase"]
[SourceDate "2011.11.24"]
[SourceVersion "1"]
[SourceVersionDate "2011.11.24"]
[SourceQuality "1"]

1. d4 Nf6 2. c4 g6 3. Nc3 Bg7 4. e4 d6 5. Be2 Nbd7 6. g4 h6 7. h4 e5 8. d5 Nc5 9. f3 b6 10. Be3 Bd7 11. b4 Nb7 12. Nh3 Ng8 13. Nf2 f5 14. gxf5 gxf5 15. Nd3 f4 16. Bf2 Qe7 17. a4 a5 18. Nb5 Kd8 19. Bf1 Nf6 20. Kd2 Nh5 21. Bh3 Bf6 22. Qg1 Ng3 23. Bxd7 Kxd7 24. Bxb6 Rag8 25. Qf2 Bxh4 26. Qh2 cxb6 27. Qh3+ Kd8 28. Na7 Ke8 29. Nc6 Qf6 30. Qxh4 Qxh4 31. Rxh4 Nd8 32. bxa5 Nxc6 33. dxc6 bxa5 34. Rb1 Kd8 35. Rxh6 Rxh6 36. Rb8+ Kc7 37. Rxg8 Kxc6 38. Kc3 Ne2+ 39. Kd2 Rh2 40. Ke1 1/2-1/2

[Event "Cholet-C"]
[Site "Cholet"]
[Date "2011.03.06"]
[Round "2"]
[White "Belnou, Theo"]
[Black "Leboucher, Pascal"]
[Result "1/2-1/2"]
[WhiteElo "1560"]
[BlackElo "1620"]
[PlyCount "103"]
[EventDate "2011.03.05"]
[EventType "tourn"]
[EventRounds "9"]
[EventCountry "FRA"]
[SourceTitle "EXT 2012"]
[Source "ChessBase"]
[SourceDate "2011.11.24"]
[SourceVersion "1"]
[SourceVersionDate "2011.11.24"]
[SourceQuality "1"]

1. e4 d6 2. d4 Nf6 3. Nc3 c6 4. Nf3 Bg4 5. Bg5 Nbd7 6. Be2 Qa5 7. Bxf6 Nxf6 8. Nd2 Bxe2 9. Qxe2 Qb6 10. Nb3 e6 11. d5 cxd5 12. exd5 e5 13. f4 0-0-0 14. fxe5 Re8 15. e6 fxe6 16. dxe6 d5 17. 0-0-0 Rxe6 18. Qf3 Qe3+ 19. Qxe3 Rxe3 20. Nxd5 Nxd5 21. Rxd5 g6 22. Rhd1 Bh6 23. Kb1 Rhe8 24. a3 Re2 25. Rc5+ Kb8 26. Rd7 R2e7 27. Rcc7 Rxd7 28. Rxd7 Rh8 29. Nc5 b6 30. Na6+ Ka8 31. a4 Bf4 32. h3 h6 33. Nc7+ Bxc7 34. Rxc7 Re8 35. Rg7 Re1+ 36. Ka2 g5 37. Rg6 Re2 38. Kb3 Rxg2 39. Rxh6 Rh2 40. Rh5 a6 41. Rxg5 Rxh3+ 42. c3 Rh4 43. a5 b5 44. Rd5 Ra4 45. Rd7 Kb8 46. Rd4 Rxa5 47. Kb4 Ra2 48. Kb3 Ra1 49. c4 bxc4+ 50. Rxc4 Rd1 51. Kb4 Kb7 52. Rh4 1/2-1/2

[Event "Angers op 5th"]
[Site "Angers"]
[Date "2010.04.23"]
[Round "1"]
[White "Belnou, Theo"]
[Black "Quintela, Francis"]
[Result "1/2-1/2"]
[WhiteElo "1310"]
[BlackElo "1575"]
[PlyCount "86"]
[EventDate "2010.04.23"]
[EventType "swiss"]
[EventRounds "6"]
[EventCountry "FRA"]
[SourceTitle "EXT 2011"]
[Source "ChessBase"]
[SourceDate "2010.11.26"]
[SourceVersion "1"]
[SourceVersionDate "2010.11.26"]
[SourceQuality "1"]

1. e4 e5 2. Nf3 Nc6 3. d4 exd4 4. Nxd4 Nxd4 5. Qxd4 Qf6 6. Qxf6 Nxf6 7. Bd3 b6 8. Nc3 Bb7 9. f3 Be7 10. Bg5 h6 11. Bd2 0-0 12. Rg1 d5 13. exd5 Bc5 14. Rh1 Rfe8+ 15. Kd1 Rad8 16. Ne4 Bd4 17. c3 Be5 18. f4 Nxe4 19. Bxe4 Bf6 20. Re1 Bxd5 21. Bxd5 Rxe1+ 22. Kxe1 Rxd5 23. Rd1 Rh5 24. h3 Bh4+ 25. Ke2 Rd5 26. c4 Rd4 27. b3 f5 28. Be3 Rxd1 29. Kxd1 c5 30. g4 fxg4 31. hxg4 Bf6 32. f5 Be5 33. Ke2 Kf7 34. Kf3 Kf6 35. Bf4 h5 36. Ke4 Bxf4 37. Kxf4 hxg4 38. Kxg4 a6 39. a4 g6 40. fxg6 Kxg6 41. Kf4 Kf6 42. Ke4 Ke6 43. Kd3 Ke5 1/2-1/2